000 00614nam a22001817a 4500
005 20251108175909.0
008 250721s2023 xx 000 0 ara d
082 1 4 _a306.4/غال
100 1 _aغالي، اسامة
245 1 0 _aنحو الاخر :
_bنظرات في الترجمة والتفاعل الثقافي /
264 1 _aعمان :
_bخطوط و ظلال للنشر و التوزيع،
_c2023.
300 _a152ص.
650 1 7 _aعلم الاجتماع الثقافي
650 1 7 _aالاتصال الثقافي
650 1 7 _aالتبادل الثقافي
942 _2ddc
_cBK
999 _c145002
_d145002